[Event "IECG CN.2002.0.00294 email"]
[Site "IECG email"]
[Date "2002.05.15"]
[Round "?"]
[White "Campbell, Graham G"]
[Black "Job Sluder, Kirk"]
[Result "1-0"]
[WhiteElo "808"]
[BlackElo "629"]
[PlyCount "39"]
[EventDate "2002.05.15"]
[EventType "tourn (corr)"]
[EventRounds "6"]
[SourceTitle "Corr 2008"]
[Source "ChessBase"]
[SourceDate "2008.06.24"]
[SourceVersion "1"]
[SourceVersionDate "2008.06.24"]
[SourceQuality "1"]

1. e4 e6 2. d4 d5 3. Nc3 Nf6 4. Bg5 Be7 5. e5 Ne4 6. Bxe7 Qxe7 7. Nxe4 dxe4 8. c3 0-0 9. Qe2 Nc6 10. Qxe4 g6 11. Bb5 Bd7 12. Nf3 a6 13. Bxc6 Bxc6 14. Qe3 Bxf3 15. Qxf3 Rab8 16. 0-0 c6 17. c4 Rbd8 18. Rfd1 f5 19. d5 exd5 20. cxd5 1-0

[Event "IECG CN.2000.0.00215"]
[Site "IECG email"]
[Date "2000.10.03"]
[Round "?"]
[White "Job Sluder, Kirk"]
[Black "De Nuccio, Stefano"]
[Result "0-1"]
[WhiteElo "800"]
[BlackElo "800"]
[PlyCount "45"]
[EventDate "2000.10.03"]
[EventType "tourn (corr)"]
[EventRounds "6"]
[SourceTitle "Corr 2008"]
[Source "ChessBase"]
[SourceDate "2008.06.24"]
[SourceVersion "1"]
[SourceVersionDate "2008.06.24"]
[SourceQuality "1"]

1. e4 c5 2. Nf3 Nc6 3. d4 cxd4 4. Nxd4 Nf6 5. Nc3 d6 6. Bb5 Bd7 7. f3 e5 8. 0-0 Nxd4 9. Bxd7+ Qxd7 10. Be3 d5 11. exd5 Nxd5 12. Qe1 Nxc2 13. Qd2 Ncxe3 14. Rfc1 Bc5 15. Nxd5 Nc4+ 16. Kh1 Nxd2 17. Rxc5 Rc8 18. Rac1 0-0 19. Ne7+ Qxe7 20. Rxc8 e4 21. R1c7 Qh4 22. g3 Qh3 23. Rc1 0-1

[Event "IECG CN.2000.0.00215"]
[Site "IECG email"]
[Date "2000.10.03"]
[Round "?"]
[White "Job Sluder, Kirk"]
[Black "Sturdivant, Al"]
[Result "0-1"]
[WhiteElo "800"]
[BlackElo "800"]
[PlyCount "59"]
[EventDate "2000.10.03"]
[EventType "tourn (corr)"]
[EventRounds "6"]
[SourceTitle "Corr 2008"]
[Source "ChessBase"]
[SourceDate "2008.06.24"]
[SourceVersion "1"]
[SourceVersionDate "2008.06.24"]
[SourceQuality "1"]

1. e4 e5 2. Nf3 Nf6 3. Nxe5 d6 4. Nf3 Nxe4 5. d3 Nf6 6. Qe2+ Be7 7. Nc3 0-0 8. g3 Re8 9. Bg2 d5 10. 0-0 c5 11. Bf4 Bd6 12. Qd2 d4 13. Nb5 Bxf4 14. Qxf4 Nd5 15. Qd6 a6 16. Rae1 Be6 17. Ng5 axb5 18. Ne4 Rxa2 19. Qxc5 b6 20. Qxb5 Ra5 21. Qc4 Ne3 22. fxe3 Bxc4 23. dxc4 Rae5 24. exd4 Qxd4+ 25. Rf2 f5 26. c3 Qxc4 27. Nd6 Rxe1+ 28. Bf1 Rxf1+ 29. Rxf1 Qc5+ 30. Kg2 0-1